Presidentes autonómicos - ¡Muerte súbita! - Estadísticas

Estadísticas generales
  • Esta prueba ha sido intentada 2.017 veces
    1.995 desde el último reinicio
  • La puntuación promedio es 10 de 18
Answers on the Grid
Answers color-coded by a green-red scale on the quiz's grid according to % correct below.
Santiago Abascal
Esperanza Aguirre
Pere Aragonès
Félix Bolaños
José Bono
Josep Borrell
Manuel Chaves
Isabel Díaz Ayuso
Susana Díaz
Yolanda Díaz
Alfonso Fernández Mañueco
Manuel Fraga
Emiliano García-Page
Pablo Iglesias Turrión
Fernando López Miras
José Luis Martínez-Almeida
Artur Mas
Irene Montero
Juanma Moreno
Alberto Núñez Feijóo
Ximo Puig
Carles Puigdemont
Jordi Pujol
Mariano Rajoy
Miguel Ángel Revilla
Pedro Sánchez
Iñigo Urkullu
 
Estadísticas de respuestas
Respuesta % Correcto
2019–, Madrid Isabel Díaz Ayuso
75%
2003–2012, Madrid Esperanza Aguirre
67%
2016–2017, Cataluña Carles Puigdemont
61%
2021–2024, Cataluña Pere Aragonès
61%
2015–2023, Cantabria Miguel Ángel Revilla
60%
2015–, Castilla-La Mancha Emiliano García-Page
58%
2019–, Andalucía Juanma Moreno
58%
2009–2022, Galicia Alberto Núñez Feijóo
55%
1980–2003, Cataluña Jordi Pujol
54%
2015–2023, Valencia Ximo Puig
54%
2019–, Castilla y León Alfonso Fernández Mañueco
52%
2010–2016, Cataluña Artur Mas
52%
2013–2019, Andalucía Susana Díaz
52%
2012–2024, País Vasco Iñigo Urkullu
50%
1990–2009, Andalucía Manuel Chaves
42%
1990–2005, Galicia Manuel Fraga
42%
2017–, Murcia Fernando López Miras
41%
1983–2004, Castilla-La Mancha José Bono
39%
No se encontraron pruebas coincidentes
Distribución de puntuación
Porcentaje de gente con cada puntuación
Porcentaje por número respondido
Historial de tus puntuaciones
No has intentado esta prueba desde el último reinicio